[Event "Warsaw Independence Rapid op"]
[Site "Warsaw"]
[Date "2024.11.11"]
[Round "2"]
[White "Kashlinskaya, Alina"]
[Black "Gorniewicz, Oskar"]
[Result "1-0"]
[WhiteElo "2493"]
[BlackElo "1915"]
[PlyCount "54"]
[EventDate "2024.11.11"]
[EventType "swiss (rapid)"]
[EventRounds "9"]
[EventCountry "POL"]
[SourceTitle "CB47_2024"]
[SourceDate "2024.11.20"]
[SourceVersion "1"]
[SourceVersionDate "2024.11.20"]
[SourceQuality "1"]

1. d4 Nf6 2. c4 c6 3. d5 e5 4. Nc3 d6 5. e4 Be7 6. g3 0-0 7. Bg2 Ne8 8. Nf3 f5 9. exf5 Bxf5 10. 0-0 Nd7 11. Qe2 a6 12. a4 Rb8 13. Ne4 h6 14. Nfd2 Nc7 15. a5 b5 16. b3 Nf6 17. Ra2 Nce8 18. f4 Nd7 19. g4 Bxe4 20. Nxe4 exf4 21. Bxf4 Ndf6 22. Ng3 Qd7 23. Nf5 Bd8 24. Bh3 Nh7 25. g5 Rxf5 26. Bxf5 Qxf5 27. Qxe8+ Qf8 1-0

[Event "Warsaw Szansa rapid op"]
[Site "Warsaw"]
[Date "2023.09.17"]
[Round "8"]
[White "Gorniewicz, Oskar"]
[Black "Czernek, Tymon"]
[Result "0-1"]
[WhiteElo "1889"]
[BlackElo "2332"]
[PlyCount "90"]
[EventDate "2023.09.17"]
[EventType "swiss (rapid)"]
[EventRounds "9"]
[EventCountry "POL"]
[SourceTitle "CBM 216 Extra"]
[Source "ChessBase"]
[SourceDate "2023.11.30"]
[SourceVersion "1"]
[SourceVersionDate "2023.11.30"]
[SourceQuality "1"]

1. g4 d5 2. Bg2 c6 3. c4 dxc4 4. Na3 Bxg4 5. Nxc4 Nf6 6. Ne5 Nbd7 7. Nxg4 Nxg4 8. Qb3 Qc7 9. Nf3 e6 10. d4 Bd6 11. h3 Ngf6 12. Bd2 Ne4 13. Bb4 0-0 14. Bxd6 Qxd6 15. 0-0 Rab8 16. Rad1 Qf4 17. e3 Qh6 18. Ne5 Nef6 19. Nxd7 Nxd7 20. Kh2 Nf6 21. Bf3 Rfe8 22. Rg1 Qh4 23. Rg3 Ne4 24. Bxe4 Qxe4 25. Rdg1 g6 26. Rg4 Qf5 27. Rf4 Qd5 28. Qa4 a6 29. h4 e5 30. Rg5 h6 31. Rxe5 Rxe5 32. dxe5 Qxe5 33. Qb3 Qc7 34. Kg2 Re8 35. h5 g5 36. Rf6 Kg7 37. Rf5 Re6 38. Qc3+ f6 39. f4 gxf4 40. Rxf4 Qe5 41. Qc2 Qxh5 42. Rf3 Re5 43. Rg3+ Rg5 44. Qb3 Qe2+ 45. Kh3 Qf1+ 0-1

[Event "Warsaw Szansa rapid op"]
[Site "Warsaw"]
[Date "2023.09.17"]
[Round "7"]
[White "Klepek, Witold"]
[Black "Gorniewicz, Oskar"]
[Result "0-1"]
[WhiteElo "2299"]
[BlackElo "1889"]
[PlyCount "86"]
[EventDate "2023.09.17"]
[EventType "swiss (rapid)"]
[EventRounds "9"]
[EventCountry "POL"]
[SourceTitle "CBM 216 Extra"]
[Source "ChessBase"]
[SourceDate "2023.11.30"]
[SourceVersion "1"]
[SourceVersionDate "2023.11.30"]
[SourceQuality "1"]

1. e4 a6 2. d4 e6 3. c4 c5 4. d5 e5 5. Nc3 d6 6. Be2 Nd7 7. Nf3 Ngf6 8. 0-0 Be7 9. Ne1 0-0 10. Nd3 b5 11. f3 bxc4 12. Nf2 Nb6 13. a4 a5 14. Qc2 Ba6 15. Bd2 Ne8 16. Ncd1 Bc8 17. Ne3 Bg5 18. Nfd1 g6 19. Bxc4 Nxc4 20. Nxc4 Bxd2 21. Qxd2 Ba6 22. Nde3 f5 23. exf5 gxf5 24. Rfc1 f4 25. Ng4 Bxc4 26. Rxc4 Qg5 27. Ra3 Rb8 28. Qxa5 Rxb2 29. Qc3 Rb1+ 30. Kf2 Qh4+ 31. Ke2 Rg1 32. Nf2 Rxg2 33. Qe1 Nf6 34. Rd3 Rb8 35. Rc2 c4 36. Rdc3 Nxd5 37. Rxc4 Rb3 38. Qf1 Ne3 39. Rc8+ Kg7 40. R2c7+ Kh6 41. Rh8 Rxf2+ 42. Qxf2 Rb2+ 43. Kd3 Qxf2 0-1

[Event "POL-chT 2nd League"]
[Site "Jastrzebia Gora"]
[Date "2023.09.07"]
[Round "6.125"]
[White "Gorniewicz, Oskar"]
[Black "Szymczak, Rafal"]
[Result "0-1"]
[WhiteElo "1889"]
[BlackElo "1843"]
[PlyCount "77"]
[EventDate "2023.09.02"]
[EventType "team-swiss"]
[EventRounds "9"]
[EventCountry "POL"]
[SourceTitle "CBM 216 Extra"]
[Source "ChessBase"]
[SourceDate "2023.11.30"]
[SourceVersion "1"]
[SourceVersionDate "2023.11.30"]
[SourceQuality "1"]
[WhiteTeam "Torun UMK"]
[BlackTeam "Skoczek Trojanski"]
[WhiteTeamCountry "POL"]
[BlackTeamCountry "POL"]

1. e4 c6 2. Nc3 d5 3. Nf3 dxe4 4. Nxe4 Nf6 5. Nxf6+ exf6 6. Bc4 Qe7+ 7. Qe2 Qxe2+ 8. Bxe2 g6 9. 0-0 Bg7 10. d4 0-0 11. Be3 Be6 12. Rfd1 Nd7 13. c4 Nb6 14. b3 Rfd8 15. a4 Bf8 16. h3 Nc8 17. Bd2 Nd6 18. a5 Re8 19. Kf1 Rad8 20. Be1 Ne4 21. b4 a6 22. b5 axb5 23. cxb5 cxb5 24. Bxb5 Re7 25. Rac1 Bd5 26. Bb4 Re6 27. Bc5 Bh6 28. Ra1 Nc3 29. Bb6 Rxb6 30. axb6 Nxb5 31. Kg1 Kg7 32. Ra5 Nc3 33. Re1 Rd6 34. Rc5 Na4 35. Rc7 Rxb6 36. Ree7 Rb1+ 37. Kh2 Bf4+ 38. g3 Bxc7 39. Rxc7 0-1

[Event "POL-chT 2nd League"]
[Site "Jastrzebia Gora"]
[Date "2023.09.04"]
[Round "3.71"]
[White "Basiaga, Sebastian"]
[Black "Gorniewicz, Oskar"]
[Result "1-0"]
[WhiteElo "1856"]
[BlackElo "1889"]
[PlyCount "107"]
[EventDate "2023.09.02"]
[EventType "team-swiss"]
[EventRounds "9"]
[EventCountry "POL"]
[SourceTitle "CBM 216 Extra"]
[Source "ChessBase"]
[SourceDate "2023.11.30"]
[SourceVersion "1"]
[SourceVersionDate "2023.11.30"]
[SourceQuality "1"]
[WhiteTeam "Bialoleka Sparta"]
[BlackTeam "Torun UMK"]
[WhiteTeamCountry "POL"]
[BlackTeamCountry "POL"]

1. e4 c5 2. Nf3 d6 3. Bb5+ Nd7 4. 0-0 a6 5. Bd3 Ngf6 6. Re1 Qc7 7. c4 Ne5 8. Nxe5 dxe5 9. b3 e6 10. Bb2 Bd6 11. Bf1 Bd7 12. Qf3 Bc6 13. d3 h6 14. Nd2 0-0-0 15. Bc3 Qe7 16. a3 Nd7 17. Qe2 f5 18. Rab1 b6 19. b4 f4 20. b5 axb5 21. cxb5 Bb7 22. Nc4 Bc7 23. a4 Qg5 24. f3 Kb8 25. Qb2 h5 26. a5 h4 27. h3 Rh5 28. Rec1 Rg8 29. Be1 Qe7 30. Bf2 Rc8 31. Rc3 bxa5 32. b6 Bd8 33. Qb5 Rc6 34. Qxa5 Kc8 35. Rcb3 g6 36. Qa7 Nb8 37. Na5 Rh7 38. Rc3 Qd6 39. Nxc6 Nxc6 40. Qa3 Nd4 41. Qa5 Be7 42. Rbc1 Kd8 43. Qa7 Qc6 44. Qb8+ Kd7 45. Qxe5 Bd6 46. Qg5 Qxb6 47. Qxg6 Re7 48. Bxh4 c4 49. Kh1 Nb3 50. Bxe7 Bxe7 51. dxc4 Nxc1 52. Rxc1 Qe3 53. Rd1+ Kc7 54. Qf7 1-0

[Event "Warsaw Najdorf Memorial op-B"]
[Site "Warsaw"]
[Date "2023.07.19"]
[Round "9"]
[White "Arciszewska, Zuzanna"]
[Black "Gorniewicz, Oskar"]
[Result "1-0"]
[WhiteElo "1732"]
[BlackElo "1890"]
[PlyCount "75"]
[EventDate "2023.07.11"]
[EventType "swiss"]
[EventRounds "9"]
[EventCountry "POL"]
[SourceTitle "EXT 2024"]
[Source "ChessBase"]
[SourceDate "2023.10.10"]
[SourceVersion "1"]
[SourceVersionDate "2023.10.10"]
[SourceQuality "1"]

1. d4 Nf6 2. c4 e5 3. dxe5 Ng4 4. Nf3 Bc5 5. e3 Nc6 6. Be2 Ngxe5 7. Nbd2 0-0 8. 0-0 d6 9. Ne4 Nxf3+ 10. Bxf3 Bb6 11. b3 Ne5 12. Be2 Qh4 13. Nd2 Ng4 14. Nf3 Qf6 15. Bd2 a5 16. Rc1 Qh6 17. h3 Nf6 18. Bc3 Re8 19. Bd4 Bxd4 20. Qxd4 Re4 21. Qd1 Bd7 22. Bd3 Rae8 23. Bxe4 Rxe4 24. Nh2 Rh4 25. f4 Bc6 26. Nf3 Rxh3 27. gxh3 Qxh3 28. Qe2 Ne4 29. Qg2 Qh5 30. Rcd1 f5 31. Rd5 Bxd5 32. cxd5 h6 33. Rc1 Qf7 34. Nd4 g5 35. fxg5 hxg5 36. Rf1 Qh5 37. Nxf5 Nc3 38. Nd4 1-0

[Event "Malopolska-ch"]
[Site "Krakow"]
[Date "2023.06.09"]
[Round "4"]
[White "Gorniewicz, Oskar"]
[Black "Orzechowski, Jacek"]
[Result "0-1"]
[WhiteElo "1904"]
[BlackElo "2139"]
[PlyCount "70"]
[EventDate "2023.06.08"]
[EventType "swiss"]
[EventRounds "7"]
[EventCountry "POL"]
[SourceTitle "CBM 214 Extra"]
[Source "ChessBase"]
[SourceDate "2023.07.31"]
[SourceVersion "1"]
[SourceVersionDate "2023.07.31"]
[SourceQuality "1"]

1. e4 e6 2. d4 d5 3. e5 c5 4. c3 Nc6 5. Nf3 Nge7 6. Na3 cxd4 7. cxd4 Nf5 8. Nc2 Nb4 9. Bd2 Nxc2+ 10. Qxc2 Qb6 11. Bc3 Bd7 12. Bd3 Rc8 13. 0-0 Bb5 14. Rfd1 Bxd3 15. Rxd3 Ne7 16. Qd2 Nc6 17. Qf4 h6 18. h4 Be7 19. g4 g6 20. Kg2 h5 21. Ng5 Bxg5 22. hxg5 hxg4 23. f3 g3 24. Rdd1 Ne7 25. Qf6 Rh5 26. Rh1 Rxc3 27. bxc3 Qb2+ 28. Kxg3 Nf5+ 29. Qxf5 Rxh1 30. Qxe6+ fxe6 31. Rxh1 Qxc3 32. Rh2 Qxd4 33. f4 Qe3+ 34. Kg4 d4 35. Rg2 Qe4 0-1

[Event "Warsaw YMCA Golden Autumn 267th"]
[Site "Warsaw"]
[Date "2022.09.30"]
[Round "1"]
[White "Gorniewicz, Oskar"]
[Black "Golecki, Jan"]
[Result "0-1"]
[WhiteElo "1911"]
[BlackElo "2193"]
[PlyCount "90"]
[EventDate "2022.09.30"]
[EventType "tourn"]
[EventRounds "13"]
[EventCountry "POL"]
[SourceTitle "EXT 2024"]
[Source "ChessBase"]
[SourceDate "2023.10.10"]
[SourceVersion "1"]
[SourceVersionDate "2023.10.10"]
[SourceQuality "1"]

1. d4 Nf6 2. Nf3 e6 3. c4 b6 4. g3 Ba6 5. Qc2 c5 6. Bg2 Nc6 7. e3 Rc8 8. dxc5 Bxc5 9. a3 d5 10. b4 Be7 11. Nbd2 dxc4 12. Qa4 Bb7 13. Nd4 Qd7 14. 0-0 0-0 15. Nxc6 Bxc6 16. Bxc6 Qxc6 17. b5 Qc7 18. Bb2 c3 19. Rac1 Qe5 20. Bxc3 Rxc3 21. Nc4 Rxc4 22. Rxc4 h5 23. Qxa7 Qxb5 24. Rfc1 Bc5 25. a4 Qb3 26. a5 Ng4 27. R4c3 Qb2 28. R1c2 Qb4 29. axb6 Bxb6 30. Qb7 Nxf2 31. Rxf2 Qxc3 32. Qxb6 Rc8 33. h4 Qe5 34. Kh2 f6 35. Rd2 Rc3 36. Re2 Kh7 37. Qb1+ f5 38. Qe1 Rb3 39. Qf2 Qd5 40. Qf4 Rb1 41. e4 Rh1+ 42. Kg2 Qd1 43. Qf2 f4 44. Rd2 f3+ 45. Qxf3 Qg1# 0-1

[Event "Warsaw YMCA Golden Autumn 267th"]
[Site "Warsaw"]
[Date "2022.09.30"]
[Round "12"]
[White "Gorniewicz, Oskar"]
[Black "Szwaj, Jacek"]
[Result "1-0"]
[WhiteElo "1911"]
[BlackElo "1893"]
[PlyCount "85"]
[EventDate "2022.09.30"]
[EventType "tourn"]
[EventRounds "13"]
[EventCountry "POL"]
[SourceTitle "EXT 2024"]
[Source "ChessBase"]
[SourceDate "2023.10.10"]
[SourceVersion "1"]
[SourceVersionDate "2023.10.10"]
[SourceQuality "1"]

1. e4 c5 2. Nf3 d6 3. d4 cxd4 4. Nxd4 Nf6 5. Nc3 a6 6. h3 e6 7. g4 h6 8. Bg2 Qc7 9. Be3 Nc6 10. Qd2 Ne5 11. b3 Bd7 12. f4 Ng6 13. 0-0 Rc8 14. Nce2 Nh4 15. Bh1 e5 16. Nf5 Nxf5 17. exf5 Bc6 18. Bxc6+ Qxc6 19. c4 Be7 20. Ng3 h5 21. g5 Ne4 22. Nxe4 Qxe4 23. fxe5 dxe5 24. Rae1 Qc6 25. f6 gxf6 26. gxf6 Rg8+ 27. Kh2 Bb4 28. Qb2 Bc3 29. Qf2 Bxe1 30. Rxe1 Rg6 31. Bf4 Qxf6 32. Rxe5+ Kf8 33. Rxh5 Re8 34. Qc5+ Kg8 35. Be5 Rg2+ 36. Kxg2 Qg6+ 37. Bg3 Qe4+ 38. Kh2 Qe2+ 39. Bf2 f6 40. Qd5+ Kf8 41. Qd6+ Kf7 42. Qd7+ Kg6 43. Qh7# 1-0

[Event "POL-chT 2nd League"]
[Site "Jastrzebia Gora"]
[Date "2022.09.10"]
[Round "8.118"]
[White "Gorniewicz, Oskar"]
[Black "Wozniak, Grzegorz1"]
[Result "1-0"]
[WhiteElo "1911"]
[BlackElo "1579"]
[PlyCount "89"]
[EventDate "2022.09.03"]
[EventType "team-swiss"]
[EventRounds "9"]
[EventCountry "POL"]
[SourceTitle "CBM 210 Extra"]
[Source "ChessBase"]
[SourceDate "2022.11.30"]
[SourceVersion "1"]
[SourceVersionDate "2022.11.30"]
[SourceQuality "1"]
[WhiteTeam "Torun UMK"]
[BlackTeam "Rzeszow RzKSz"]
[WhiteTeamCountry "POL"]
[BlackTeamCountry "POL"]

1. d4 Nf6 2. Nf3 d5 3. c4 c6 4. e3 Bg4 5. Nbd2 e6 6. Be2 Bd6 7. c5 Bc7 8. b4 Nbd7 9. Bb2 0-0 10. 0-0 Qe7 11. Ne5 Bxe2 12. Qxe2 Nxe5 13. dxe5 Nd7 14. f4 f6 15. exf6 Nxf6 16. Nf3 Ne4 17. Rfc1 Rac8 18. Bd4 b6 19. Qa6 bxc5 20. bxc5 Qd7 21. Rab1 Rb8 22. Rb7 Rxb7 23. Qxb7 Rb8 24. Qxa7 Qc8 25. Qa4 Qb7 26. Qc2 Qa6 27. Nd2 Nxd2 28. Qxd2 Qa4 29. Qf2 Qa3 30. Ra1 Qd3 31. Qe1 Rb5 32. a4 Ba5 33. Qf1 Rb3 34. Qxd3 Rxd3 35. Rb1 Ra3 36. Rb8+ Kf7 37. Rb7+ Kg6 38. g4 Bc3 39. Rxg7+ Kh6 40. g5+ Kh5 41. Rxh7+ Kg6 42. Rh6+ Kf5 43. Bxc3 Rxc3 44. Kf2 Rxc5 45. Kf3 1-0

[Event "Gdansk op 14th"]
[Site "Gdansk"]
[Date "2012.07.29"]
[Round "9"]
[White "Gorniewicz, Oskar"]
[Black "Strzemiecki, Zbigniew"]
[Result "0-1"]
[WhiteElo "1961"]
[BlackElo "2433"]
[PlyCount "57"]
[EventDate "2012.07.22"]
[EventType "swiss"]
[EventRounds "9"]
[EventCountry "POL"]
[SourceTitle "CBM 149 Extra"]
[Source "ChessBase"]
[SourceDate "2012.08.24"]
[SourceVersion "1"]
[SourceVersionDate "2012.08.24"]
[SourceQuality "1"]

1. d4 Nf6 2. c4 e6 3. a3 b6 4. Nc3 Bb7 5. Nf3 d5 6. Bg5 Be7 7. cxd5 exd5 8. e3 0-0 9. Bd3 c5 10. 0-0 Nbd7 11. Kh1 Re8 12. Qe2 Ne4 13. Bxe7 Qxe7 14. Rae1 a6 15. Nd1 Qd6 16. Nh4 cxd4 17. Nf5 Qf6 18. Nxd4 Ne5 19. Bb1 a5 20. a4 Ba6 21. Nb5 Qh4 22. g3 Qh3 23. Rg1 Ng4 24. f3 Nef2+ 25. Qxf2 Nxf2+ 26. Nxf2 Qd7 27. Bd3 Rac8 28. Re2 Qe7 29. Rd1 0-1

[Event "Gdansk op 14th"]
[Site "Gdansk"]
[Date "2012.07.27"]
[Round "7"]
[White "Gorniewicz, Oskar"]
[Black "Kanarkiewicz, Michal"]
[Result "1-0"]
[WhiteElo "1961"]
[BlackElo "2079"]
[PlyCount "119"]
[EventDate "2012.07.22"]
[EventType "swiss"]
[EventRounds "9"]
[EventCountry "POL"]
[SourceTitle "CBM 149 Extra"]
[Source "ChessBase"]
[SourceDate "2012.08.24"]
[SourceVersion "1"]
[SourceVersionDate "2012.08.24"]
[SourceQuality "1"]

1. d4 Nf6 2. c4 g6 3. Nc3 d5 4. cxd5 Nxd5 5. e4 Nxc3 6. bxc3 Bg7 7. Be3 c5 8. Bb5+ Nd7 9. Qd2 Qa5 10. Rb1 a6 11. Bxd7+ Bxd7 12. Ne2 Bb5 13. c4 Qxd2+ 14. Kxd2 Bxc4 15. Rxb7 cxd4 16. Nxd4 Bb5 17. Nxb5 0-0-0+ 18. Ke2 Kxb7 19. Na3 Bd4 20. Rb1+ Ka7 21. Bf4 e5 22. Bg5 Rb8 23. Rd1 Rb2+ 24. Rd2 Rc8 25. f3 Rc6 26. Be3 Rxd2+ 27. Bxd2 Bb2 28. Nb1 Rc4 29. Kd3 Ra4 30. Kc2 Ba1 31. Kb3 Rd4 32. Be3 Kb7 33. Bxd4 Bxd4 34. Kc4 Kc6 35. Nd2 Bg1 36. h3 Be3 37. Nb1 Bd4 38. Na3 h5 39. Nc2 Bc5 40. Ne1 a5 41. Nd3 Bd4 42. Nc1 h4 43. Ne2 Ba1 44. g3 hxg3 45. Nxg3 Bb2 46. Ne2 a4 47. Kb4 a3 48. Nc3 Bxc3+ 49. Kxc3 Kc5 50. Kb3 Kd4 51. Kxa3 Ke3 52. Kb4 Kxf3 53. a4 f5 54. exf5 gxf5 55. a5 e4 56. a6 e3 57. a7 e2 58. a8Q+ Kf2 59. Qa7+ Kg2 60. Qe3 1-0

[Event "Gdansk op 14th"]
[Site "Gdansk"]
[Date "2012.07.25"]
[Round "5"]
[White "Gorniewicz, Oskar"]
[Black "Czarkowski, Tomasz"]
[Result "1-0"]
[WhiteElo "1961"]
[BlackElo "1636"]
[PlyCount "77"]
[EventDate "2012.07.22"]
[EventType "swiss"]
[EventRounds "9"]
[EventCountry "POL"]
[SourceTitle "CBM 149 Extra"]
[Source "ChessBase"]
[SourceDate "2012.08.24"]
[SourceVersion "1"]
[SourceVersionDate "2012.08.24"]
[SourceQuality "1"]

1. Nf3 Nc6 2. c4 e6 3. d4 d5 4. cxd5 exd5 5. Nc3 Bb4 6. a3 Bxc3+ 7. bxc3 Nf6 8. Bg5 h6 9. Bxf6 Qxf6 10. Qb3 Ne7 11. e3 Qb6 12. Qb4 Qxb4 13. axb4 b6 14. Ne5 f6 15. Bb5+ Kf8 16. Nc6 Bd7 17. Nxe7 Kxe7 18. Ba6 Bc8 19. Kd2 Bxa6 20. Rxa6 Rhb8 21. f3 f5 22. Rha1 Rb7 23. h3 h5 24. e4 fxe4 25. fxe4 dxe4 26. Ke3 c6 27. Kxe4 Ke6 28. c4 g6 29. b5 cxb5 30. c5 Kd7 31. Kd5 Ke8 32. cxb6 Rd8+ 33. Kc6 Rxb6+ 34. Rxb6 axb6 35. Re1+ Kf7 36. d5 b4 37. d6 b3 38. d7 Ra8 39. Kb7 1-0

[Event "POL-chT3 1112"]
[Site "Poland"]
[Date "2012.04.01"]
[Round "10.28"]
[White "Matewski, Marcin"]
[Black "Gorniewicz, Oskar"]
[Result "0-1"]
[WhiteElo "1624"]
[BlackElo "1944"]
[PlyCount "98"]
[EventDate "2011.11.06"]
[EventType "team-tourn"]
[EventRounds "11"]
[EventCountry "POL"]
[SourceTitle "EXT 2015"]
[Source "ChessBase"]
[SourceDate "2014.11.20"]
[SourceVersion "1"]
[SourceVersionDate "2014.11.20"]
[SourceQuality "1"]
[WhiteTeam "Bydgoszcz Emdek"]
[BlackTeam "Torun Torfarm 64"]
[WhiteTeamCountry "POL"]
[BlackTeamCountry "POL"]

1. e4 d6 2. d4 Nf6 3. Nc3 g6 4. h3 c6 5. Be3 b5 6. a3 Qa5 7. Qd2 b4 8. Na2 Nxe4 9. Qxb4 Qxb4+ 10. Nxb4 a5 11. Na2 Ba6 12. Ne2 Nd7 13. Nac3 Ndf6 14. Nxe4 Nxe4 15. Nc3 Bxf1 16. Rxf1 Nxc3 17. bxc3 Rb8 18. Kd2 Bg7 19. Rab1 Kd7 20. Rb3 a4 21. Rb4 Rxb4 22. cxb4 e5 23. Kd3 Re8 24. c3 f5 25. f4 Bh6 26. g3 exf4 27. gxf4 d5 28. Rf3 Bg7 29. c4 Kd6 30. Kc3 Bf6 31. c5+ Kc7 32. Kd3 Kb7 33. h4 Re7 34. Rh3 h6 35. h5 g5 36. fxg5 hxg5 37. h6 f4 38. Bf2 g4 39. Rh5 g3 40. Bg1 Re1 41. h7 Rxg1 42. Rf5 g2 43. Rxf6 Rd1+ 44. Kc3 g1Q 45. Rf7+ Ka6 46. b5+ cxb5 47. Ra7+ Kxa7 48. h8Q Qe1+ 49. Kc2 Qd2# 0-1

[Event "Ostroda op 8th"]
[Site "Ostroda"]
[Date "2011.08.05"]
[Round "3"]
[White "Gorniewicz, Oskar"]
[Black "Kobus, Sebastian"]
[Result "0-1"]
[WhiteElo "1914"]
[BlackElo "2104"]
[PlyCount "112"]
[EventDate "2011.08.04"]
[EventType "swiss"]
[EventRounds "9"]
[EventCountry "POL"]
[SourceTitle "CBM 143 Extra"]
[Source "ChessBase"]
[SourceDate "2011.08.29"]
[SourceVersion "1"]
[SourceVersionDate "2011.08.29"]
[SourceQuality "1"]

1. d4 g6 2. c4 d6 3. e4 Bg7 4. Nc3 Nf6 5. Nf3 0-0 6. Be2 c5 7. d5 e5 8. dxe6 Bxe6 9. Bf4 Ne8 10. Qd2 Nc6 11. Nb5 Ne5 12. Nxe5 dxe5 13. Qxd8 Rxd8 14. Be3 a6 15. Nc3 b6 16. Nd5 Bxd5 17. cxd5 Nd6 18. f3 a5 19. g4 f5 20. gxf5 gxf5 21. Bg5 Bf6 22. Rg1 Bxg5 23. Rxg5+ Kh8 24. Bd3 Rg8 25. Rg3 f4 26. Rxg8+ Kxg8 27. Kd2 Kf7 28. Rg1 Rg8 29. Rxg8 Kxg8 30. Bf1 Kf7 31. Bh3 Ke7 32. Kc3 Nb5+ 33. Kc4 Nd4 34. Bg4 a4 35. b4 axb3 36. axb3 Kd6 37. h4 h6 38. Kc3 b5 39. Kb2 b4 40. Bh5 Nb5 41. Kc2 Nd4+ 42. Kb2 Kc7 43. Bg4 Nb5 44. Bh5 Kb6 45. Kc2 c4 46. bxc4 Nd6 47. Kd3 Kc5 48. Bg4 Nxc4 49. Bh5 Nd6 50. Bg4 Nb5 51. Kc2 Kc4 52. Kb2 Nd6 53. Bh5 b3 54. Bg4 Kb4 55. Be6 Nc4+ 56. Kb1 Kc3 0-1

[Event "Poznan op 20th"]
[Site "Poznan"]
[Date "2011.07.19"]
[Round "4"]
[White "Gorniewicz, Oskar"]
[Black "Raczynski, Krzysztof"]
[Result "1-0"]
[WhiteElo "1914"]
[BlackElo "1494"]
[PlyCount "83"]
[EventDate "2011.07.16"]
[EventType "swiss"]
[EventRounds "9"]
[EventCountry "POL"]
[SourceTitle "CBM 143 Extra"]
[Source "ChessBase"]
[SourceDate "2011.08.29"]
[SourceVersion "1"]
[SourceVersionDate "2011.08.29"]
[SourceQuality "1"]

1. d4 Nf6 2. c4 e6 3. a3 b6 4. Nc3 Bb7 5. f3 c5 6. d5 exd5 7. cxd5 d6 8. e4 a6 9. Bd3 Nbd7 10. Nge2 g6 11. 0-0 Bg7 12. Bf4 Qe7 13. Qd2 Ne5 14. Bc2 h6 15. Bxe5 Qxe5 16. f4 Qe7 17. Rae1 Nd7 18. Ng3 h5 19. Nh1 h4 20. Nf2 Bc8 21. Nd3 0-0 22. Bd1 Re8 23. Bf3 Rb8 24. g4 hxg3 25. hxg3 Bd4+ 26. Kg2 Qd8 27. g4 b5 28. Kg3 Nb6 29. f5 g5 30. Rh1 Qf6 31. Rh5 Nc4 32. Qxg5+ Qxg5 33. Rxg5+ Kf8 34. Nd1 a5 35. Rh5 b4 36. axb4 axb4 37. g5 Ke7 38. Rh7 Rf8 39. g6 Ba6 40. Bh5 Nd2 41. Nf4 Be5 42. Kg4 1-0

[Event "Poznan op 20th"]
[Site "Poznan"]
[Date "2011.07.16"]
[Round "1"]
[White "Musialkiewicz, Jan"]
[Black "Gorniewicz, Oskar"]
[Result "1-0"]
[WhiteElo "2150"]
[BlackElo "1914"]
[PlyCount "43"]
[EventDate "2011.07.16"]
[EventType "swiss"]
[EventRounds "9"]
[EventCountry "POL"]
[SourceTitle "CBM 143 Extra"]
[Source "ChessBase"]
[SourceDate "2011.08.29"]
[SourceVersion "1"]
[SourceVersionDate "2011.08.29"]
[SourceQuality "1"]

1. e4 d6 2. d4 Nf6 3. Nc3 g6 4. Bg5 Bg7 5. f4 h6 6. Bh4 g5 7. fxg5 Ng4 8. Nf3 Ne3 9. Qd2 Nxf1 10. Rxf1 Nc6 11. gxh6 Bxh6 12. Bg5 Bg7 13. h3 f5 14. Qd3 Rf8 15. 0-0-0 fxe4 16. Nxe4 d5 17. Nc3 Bf5 18. Qb5 Qd6 19. Qxd5 Nb4 20. Qxd6 cxd6 21. Rde1 Kf7 22. Nh4 1-0

[Event "POL-chT3 Kujawsko Pomorskie 1011"]
[Site "Poland"]
[Date "2011.04.10"]
[Round "10.34"]
[White "Komorowski, Piotr"]
[Black "Gorniewicz, Oskar"]
[Result "0-1"]
[WhiteElo "1783"]
[BlackElo "1909"]
[PlyCount "90"]
[EventDate "2010.11.07"]
[EventType "team-tourn"]
[EventRounds "11"]
[EventCountry "POL"]
[SourceTitle "EXT 2019"]
[Source "ChessBase"]
[SourceDate "2018.10.10"]
[SourceVersion "1"]
[SourceVersionDate "2018.10.10"]
[SourceQuality "1"]

1. e4 d6 2. Nf3 Nf6 3. Nc3 g6 4. h3 Bg7 5. d4 0-0 6. Be2 c6 7. 0-0 b5 8. a3 Nbd7 9. Be3 Nb6 10. Qc1 Re8 11. Rd1 Qc7 12. Bh6 Bh8 13. Bg5 Bd7 14. Nh2 a5 15. Bf3 b4 16. axb4 axb4 17. Rxa8 Rxa8 18. Ne2 Ra2 19. b3 c5 20. Qd2 Nc8 21. e5 Ne8 22. Ng4 Bxg4 23. Bxg4 cxd4 24. exd6 Ncxd6 25. Qxb4 Qxc2 26. Rc1 Qe4 27. Bf3 Qe5 28. Bf4 Qf6 29. Bxd6 Qxd6 30. Qb5 Qd8 31. Qd3 e5 32. b4 Nd6 33. b5 Rb2 34. Bc6 e4 35. Bxe4 Nxe4 36. Qxe4 d3 37. Nf4 d2 38. Rd1 Rxb5 39. Nd3 Bc3 40. Qc4 Qa5 41. Kf1 Rb8 42. f4 Re8 43. Kf2 Qb6+ 44. Kf1 Qe3 45. Nf2 Qe1+ 0-1

[Event "POL-chT3 Kujawsko Pomorskie 1011"]
[Site "Poland"]
[Date "2011.03.13"]
[Round "8.34"]
[White "Gorniewicz, Oskar"]
[Black "Mazalon, Bartlomiej"]
[Result "0-1"]
[WhiteElo "1909"]
[BlackElo "1933"]
[PlyCount "76"]
[EventDate "2010.11.07"]
[EventType "team-tourn"]
[EventRounds "11"]
[EventCountry "POL"]
[SourceTitle "EXT 2019"]
[Source "ChessBase"]
[SourceDate "2018.10.10"]
[SourceVersion "1"]
[SourceVersionDate "2018.10.10"]
[SourceQuality "1"]

1. d4 d5 2. c4 Nc6 3. Nc3 e5 4. cxd5 Nxd4 5. e3 Nf5 6. Nf3 Bd6 7. Bb5+ Bd7 8. e4 Nfe7 9. Bxd7+ Qxd7 10. Qb3 Nf6 11. Qxb7 0-0 12. Bg5 Rfb8 13. Qa6 Rxb2 14. Bxf6 gxf6 15. 0-0 Ng6 16. Rab1 Rb6 17. Rxb6 cxb6 18. Rb1 Rc8 19. Nb5 Bc5 20. h3 Nf4 21. Nh4 Nxh3+ 22. gxh3 Qxh3 23. Qxc8+ Qxc8 24. Nf5 Bxf2+ 25. Kxf2 Qc2+ 26. Kf3 Qxb1 27. Nxa7 Qxa2 28. Nc6 Qb3+ 29. Ne3 Qd3 30. Ne7+ Kf8 31. N7f5 b5 32. d6 Ke8 33. Kf2 Qxe4 34. Ne7 Qd4 35. N7d5 b4 36. Ke2 b3 37. Nxf6+ Kd8 38. Nf5 Qc4+ 0-1

[Event "POL-chT3 Kujawsko Pomorskie 0910"]
[Site "Poland"]
[Date "2010.04.26"]
[Round "10.19"]
[White "Gorniewicz, Oskar"]
[Black "Kiedrowicz, Jan"]
[Result "0-1"]
[WhiteElo "1867"]
[BlackElo "2296"]
[PlyCount "80"]
[EventDate "2009.11.08"]
[EventType "team-tourn"]
[EventRounds "11"]
[EventCountry "POL"]
[SourceTitle "EXT 2020"]
[Source "ChessBase"]
[SourceDate "2019.10.17"]
[SourceVersion "1"]
[SourceVersionDate "2019.10.17"]
[SourceQuality "1"]

1. d4 d6 2. e4 Nf6 3. f3 d5 4. e5 Nfd7 5. Bd3 c5 6. c3 Nc6 7. Ne2 Qb6 8. Bc2 e6 9. f4 f5 10. 0-0 Be7 11. a3 a5 12. a4 0-0 13. Na3 cxd4 14. cxd4 Nb4 15. Bb1 Nb8 16. Nc3 Bd7 17. Rf3 N8a6 18. Rh3 Be8 19. Nab5 Nc7 20. Nxc7 Qxc7 21. g4 Qb6 22. gxf5 exf5 23. Be3 Rc8 24. Qf3 Qe6 25. Bf2 Rc4 26. Nxd5 Qxd5 27. Qxd5+ Nxd5 28. Ba2 b5 29. axb5 Bxb5 30. Bxc4 Bxc4 31. b3 Nxf4 32. Rf3 Ne2+ 33. Kg2 Bd5 34. Rxa5 Rd8 35. Be3 Nxd4 36. Bxd4 Bxf3+ 37. Kxf3 Rxd4 38. e6 g6 39. Ra7 Kf8 40. Ra8+ Kg7 0-1